000 01007nas a2200349 4500
001 BR0400234
003 BR-BrBNA
005 20231205104340.0
007 ta
008 230509b bl.|||p| |||| 00| 00por d
040 _aBR-BrBNA
_bpor
_cBiblioteca Nacional de Agricultura
041 _a(Pt)
072 _aL73; L10
100 1 _aPituco, E.M.
100 1 _aOkuda, L.H.
100 1 _aDel Fava, C.
100 1 _aStefano, E.
100 1 _aShimozono, O.S.
100 1 _aPerucini, L.M.
100 1 _aTrotter, C.M.
100 1 _aDuarte, F.C.
100 1 _aRodriges, L.H.
245 1 _aOcorrência de neosporose em touros de centrais de inseminação artificial
650 _aTOURO
650 _aNEOSPOROSE
650 _aELISA
650 _aINSEMINAÇÃO ARTIFICIAL
650 _aSÊMEN
773 0 _tRevista Brasileira de Reprodução Animal (Brazil)
_xISSN 0102-0803
_g(Jul-Sep 2003), v. 27(3) p. 545-546
_wBR0400234
909 _a202311
_bLúcia
_c55
_dLúcia Elande
942 _2AGRIS
_n0
_cANA
999 _c177689
_d177689